Southville International School and Colleges
Your cart is empty.
  • Cart
  • Lists
    Public lists Eva Luna New books Lux_list list_1
    Your lists Log in to create your own lists
  • Log in to your account
  • Your cookies
  • Search history
Southville International School and Colleges
  • Advanced search
  • Recent comments
  • Most popular
  • Libraries

Log in to your account

Log in with GOOGLE


If you do not have an external account, but do have a local account, you can still log in:

  1. Home
  2. MARC view: The art of voice acting :
Normal view MARC view ISBD view

The art of voice acting : (Record no. 24922)

[ view plain ]
MARC details
000 -LEADER
fixed length control field 00644nam a2200205 a 4500
005 - DATE AND TIME OF LATEST TRANSACTION
control field 20140310183549.0
008 - FIXED-LENGTH DATA ELEMENTS--GENERAL INFORMATION
fixed length control field 110930s19uu xx 00 eng d
020 ## - INTERNATIONAL STANDARD BOOK NUMBER
International Standard Book Number 9780240812113
050 ## - LIBRARY OF CONGRESS CALL NUMBER
Classification number PN 1992.8.A6
Item number .Al42 2011
100 ## - MAIN ENTRY--PERSONAL NAME
Personal name Alburger, James
245 ## - TITLE STATEMENT
Title The art of voice acting :
Remainder of title the craft and business of performing for voiceover /
Statement of responsibility, etc James R. Alburger.
250 ## - EDITION STATEMENT
Edition statement 4th ed.
260 ## - PUBLICATION, DISTRIBUTION, ETC. (IMPRINT)
Place of publication, distribution, etc Amsterdam :
Name of publisher, distributor, etc Elsevier,
Date of publication, distribution, etc 2011.
300 ## - PHYSICAL DESCRIPTION
Extent 409 p. :
Dimensions 25 cm.
521 ## - TARGET AUDIENCE NOTE
Target audience note
650 ## - SUBJECT ADDED ENTRY--TOPICAL TERM
Topical term or geographic name as entry element Televesion announcing
General subdivision Vocational guidance
650 ## - SUBJECT ADDED ENTRY--TOPICAL TERM
Topical term or geographic name as entry element Radio announcing
General subdivision Vocational guidance
942 ## - ADDED ENTRY ELEMENTS (KOHA)
Koha item type Books
Source of classification or shelving scheme Library of Congress Classification
Call number prefix Foreign
Holdings
Withdrawn status Lost status Source of classification or shelving scheme Damaged status Home library Current library Shelving location Date acquired Source of acquisition Total Checkouts Full call number Barcode Date last seen Copy number Price effective from Koha item type
    Library of Congress Classification   Archives Archives   09/30/2011 Donation   PN 1992.8.A6 .Al42 2011 C13688 05/15/2018 1 03/10/2014 Books

The art of voice acting :

APA

Alburger J., . (2011). The art of voice acting. Amsterdam: Elsevier.

Chicago

Alburger James, . 2011. The art of voice acting. Amsterdam: Elsevier.

Harvard

Alburger J., . (2011). The art of voice acting. Amsterdam: Elsevier.

MLA

Alburger James, . The art of voice acting. Amsterdam: Elsevier. 2011.

  • Place hold
  • Print
  • Cite
  • Add to your cart (remove)
  • Save record
    BIBTEX Dublin Core MARCXML MARC (non-Unicode/MARC-8) MARC (Unicode/UTF-8) MARC (Unicode/UTF-8, Standard) MODS (XML) RIS
  • More searches
    Search for this title in:
    Other Libraries (WorldCat) Other Databases (Google Scholar) Online Stores (Bookfinder.com) Open Library (openlibrary.org)

Exporting to Dublin Core...

SOUTHVILLE LIBRARY

Southville International School and Colleges Library

1281 Tropical Ave. Cor. Luxembourg St., BF Homes International, Las Pinas City

Tel. No. 8256374 / 252358 Loc. 117/146

Powered by Koha